Csúszhat a Mars tér átépítése a bíróság váratlanul a fabódénak adott igazat, de a város nem adja fel /

Elmentve itt :
Bibliográfiai részletek
Szerző: Fekete Klára
Dokumentumtípus: Cikk
Megjelent: 2007-01-18
Sorozat:Délmagyarország 97 No. 15
Kulcsszavak:Szeged, Városrekonstrukció Szeged-Mars-tér, Kereskedelem piac felújítás Szeged-Mars-tér, Kereskedő, Igazságszolgáltatás per
Online Access:http://dmarchiv.bibl.u-szeged.hu/137581
LEADER 00655nab a2200157 i 4500
001 delm137581
005 20200110105005.0
008 200110s2007 hu o 0|| hun d
040 |a SZTE Délmagyarország Archívum  |b hun 
041 |a hun 
100 1 |a Fekete Klára 
245 1 0 |a Csúszhat a Mars tér átépítése   |h [elektronikus dokumentum] :  |b a bíróság váratlanul a fabódénak adott igazat, de a város nem adja fel /  |c  Fekete Klára 
260 |c 2007-01-18 
300 |a 5 
490 0 |a Délmagyarország  |v 97 No. 15 
695 |a Szeged, Városrekonstrukció Szeged-Mars-tér, Kereskedelem piac felújítás Szeged-Mars-tér, Kereskedő, Igazságszolgáltatás per